NON-CONVENTIONAL ENERGY SOURCES (Record no. 17015)
[ view plain ]
| 000 -LEADER | |
|---|---|
| fixed length control field | 00286nam a22001337a 4500 |
| 003 - CONTROL NUMBER IDENTIFIER | |
| control field | SGT |
| 020 ## - INTERNATIONAL STANDARD BOOK NUMBER | |
| International Standard Book Number | 817409073-8 |
| 082 ## - DEWEY DECIMAL CLASSIFICATION NUMBER | |
| Classification number | 621.042 |
| Item number | N18R |
| 100 ## - MAIN ENTRY--PERSONAL NAME | |
| Personal name | RAI, G.D |
| 245 ## - TITLE STATEMENT | |
| Title | NON-CONVENTIONAL ENERGY SOURCES |
| 260 ## - PUBLICATION, DISTRIBUTION, ETC. (IMPRINT) | |
| Place of publication, distribution, etc | DELHI |
| Name of publisher, distributor, etc | KHANNA |
| Year of Publication | 2018 |
| 300 ## - PAGE DESCRIPTION | |
| No. of Pages | 696 |
| 942 ## - ADDED ENTRY ELEMENTS (KOHA) | |
| Source of classification or shelving scheme | Dewey Decimal Classification |
| Koha item type | Books |
| 942 ## - ADDED ENTRY ELEMENTS (KOHA) | |
| -- | 3 |
| Withdrawn status | Lost status | Source of classification or shelving scheme | Damaged status | Not for loan | Collection code | Home library | Current library | Shelving location | Date acquired | Vendor Name | Cost, normal purchase price | SGTU | Bill Number | Total Checkouts | Full call number | Accession No. (Barcode) | Date last seen | Date last borrowed | Bill Date | Koha item type |
|---|---|---|---|---|---|---|---|---|---|---|---|---|---|---|---|---|---|---|---|---|
| Dewey Decimal Classification | SCIENCE | SGT Science & Social Sciences Library | SGT Science & Social Sciences Library | Text Book | 27/02/2019 | BIO- GREEN | 499.00 | SGTU | LB-3403 | 4 | 621.042 N18R | AG76 | 13/04/2021 | 09/04/2021 | 05/02/2019 | Books | ||||
| Dewey Decimal Classification | SCIENCE | SGT Science & Social Sciences Library | SGT Science & Social Sciences Library | Text Book | 27/02/2019 | BIO- GREEN | 499.00 | SGTU | LB-3403 | 6 | 621.042 N18R | AG77 | 01/04/2024 | 21/03/2024 | 05/02/2019 | Books | ||||
| Dewey Decimal Classification | SCIENCE | SGT Science & Social Sciences Library | SGT Science & Social Sciences Library | Text Book | 27/02/2019 | BIO- GREEN | 499.00 | SGTU | LB-3403 | 4 | 621.042 N18R | AG78 | 10/04/2024 | 26/03/2024 | 05/02/2019 | Books | ||||
| Dewey Decimal Classification | SCIENCE | SGT Science & Social Sciences Library | SGT Science & Social Sciences Library | Text Book | 27/02/2019 | BIO- GREEN | 499.00 | SGTU | LB-3403 | 2 | 621.042 N18R | AG79 | 27/05/2019 | 20/05/2019 | 05/02/2019 | Books | ||||
| Dewey Decimal Classification | SCIENCE | SGT Science & Social Sciences Library | SGT Science & Social Sciences Library | Text Book | 27/02/2019 | BIO- GREEN | 499.00 | SGTU | LB-3403 | 5 | 621.042 N18R | AG80 | 17/08/2021 | 14/08/2021 | 05/02/2019 | Books |